00795nam a2200205Ia 450000500170000000800410001702000180005805000210007608200270009710000450012424501070016925000170027626000320029330000190032550000240034450400280036850501270039665000350052365000310055820231102152109.0120626s2006 mx r 000 0 spa d a9789707821422 4aQ180.3bH47 2006 4a001.422H434m 2006 v.21 aHerrera Vázquez, Marina Adrianaeautor10aMétodos de investigación 2b: Un enfoque dinámico y creativoc/ Marina Adriana Herrera Vázquez a2a edición3 aMéxicob: Esfingec, 2006 a143 páginas  aReimpresiones: 2008 aBibliografía (p. 143)2 aEl marco de la investigación Operacionalización de la hipótesis Estructura y formato del trabajo de investigación 14aINVESTIGACIÓN CIENTÍFICA 24aMETODOLOGÍA CIENTÍFICA